000 00614nam a2200217 i 4500
001 43246
003 ES-MaACL
005 20230906160747.0
007 t|
008 030317s1986 sp ||||1| spa d
020 _a84-205-1405-5
100 1 _aCatalá de Alemany, Joaquín.
_937008
245 1 0 _aDiccionario de meteorología /
_cJ. Catalá de Alemany.
250 _a[1ª ed.].
260 _aMadrid :
_bAlhambra,
_c1986.
300 _a270 p. :
_bil. ;
_c20 cm.
490 1 _aCiencias y técnica
830 0 _aCiencias y técnica
_9183618
852 _aES-MaACL
_jL-10690
_bR.112433
999 _c43246
_d43246